Baghjan Blowout: Environmental injustice and precarious futures in a carbon landscape (Record no. 524437)

000 -LEADER
fixed length control field 00804nam a22001457a 4500
008 - FIXED-LENGTH DATA ELEMENTS--GENERAL INFORMATION
fixed length control field 231117b ||||| |||| 00| 0 eng d
100 ## - MAIN ENTRY--PERSONAL NAME
Personal name Gogai, Noihrit
245 ## - TITLE STATEMENT
Title Baghjan Blowout: Environmental injustice and precarious futures in a carbon landscape
260 ## - PUBLICATION, DISTRIBUTION, ETC. (IMPRINT)
Place of publication, distribution, etc Social Action
300 ## - PHYSICAL DESCRIPTION
Extent 73(4), Oct-Dec, 2023: p.406-420
520 ## - SUMMARY, ETC.
Summary, etc The paper delves into the officermath of the catastrophic Banghjan Blowout incident that occurred in May 2020, devaluating the people and the ecology of the easternmost region of Assam. The blowout caused uncontrollable gas and condensers leakage to a fire that ravaged house, paddy, fields, tea graders, and warlords, affecting lives and displacing thousands. – Reproduced
773 ## - HOST ITEM ENTRY
Main entry heading Social Action
906 ## - LOCAL DATA ELEMENT F, LDF (RLIN)
Subject DIP ENVIRONMENT
942 ## - ADDED ENTRY ELEMENTS (KOHA)
Item type Articles
Holdings
Withdrawn status Lost status Source of classification or shelving scheme Damaged status Not for loan Permanent location Current location Date acquired Serial Enumeration / chronology Barcode Date last seen Koha item type
          Indian Institute of Public Administration Indian Institute of Public Administration 2023-11-17 73(4), Oct-Dec, 2023: p.406-420 AR130317 2023-11-17 Articles

Powered by Koha